[Event "Macieja Memorial"]
[Site "Warsaw POL"]
[Date "2024.07.08"]
[Round "5.7"]
[White "Sriram, Jha"]
[Black "Fridman, Daniel"]
[Result "0-1"]
[WhiteElo "2191"]
[BlackElo "2474"]
[EventDate "2024.07.08"]
[PlyCount "78"]

1.Nf3 d5 2.g3 Nd7 3.d4 Nb6 4.Bg2 Bf5 5.O-O e6 6.b3 Nf6 7.c4 c6 8.Ne5 Be7 9.Nc3 
O-O 10.Bb2 Rc8 11.Rc1 h6 12.Re1 Ne4 13.Nxe4 dxe4 14.h3 Bb4 15.Bc3 Qe7 16.Qd2 
Bxc3 17.Qxc3 f6 18.Ng4 Bxg4 19.hxg4 f5 20.a4 Qf6 21.a5 Nd7 22.gxf5 exf5 23.e3 
h5 24.Qb4 b6 25.axb6 axb6 26.d5 c5 27.Qc3 Ne5 28.Ra1 Rce8 29.Qd2 h4 30.Ra6 Qg6 
31.d6 hxg3 32.Rxb6 gxf2+ 33.Kxf2 Nd3+ 34.Kg1 Nxe1 35.Qxe1 Re6 36.Qd2 Rd8 37.Qd5 
Kh7 38.Qxc5 Rexd6 39.Rxd6 Rxd6 0-1

[Event "Macieja Memorial"]
[Site "Warsaw POL"]
[Date "2024.07.08"]
[Round "5.8"]
[White "Heberla, Bartlomiej"]
[Black "Czernek, Tymon"]
[Result "0-1"]
[WhiteElo "2409"]
[BlackElo "2253"]
[EventDate "2024.07.08"]
[PlyCount "68"]

1.Nf3 Nf6 2.c4 e6 3.Nc3 d5 4.e3 Be7 5.b3 O-O 6.Bb2 c6 7.Qc2 Nbd7 8.Be2 Re8 9.h3 
b6 10.g4 Nf8 11.g5 N6d7 12.h4 Bb7 13.d4 Rc8 14.e4 c5 15.O-O-O Qc7 16.cxd5 cxd4 
17.Rxd4 Bc5 18.d6 Qb8 19.Rdd1 Bxd6 20.Rhg1 Nc5 21.Kb1 Rcd8 22.Ka1 Bf4 23.h5 
Rxd1+ 24.Rxd1 Rd8 25.h6 Ng6 26.hxg7 Rxd1+ 27.Qxd1 Ne5 28.Nxe5 Bxe5 29.Nb5 Bxb2+ 
30.Kxb2 Qe5+ 31.Ka3 a6 32.Qd8+ Kxg7 33.Qd4 f6 34.gxf6+ Qxf6 0-1

[Event "Macieja Memorial"]
[Site "Warsaw POL"]
[Date "2024.07.08"]
[Round "5.9"]
[White "Pakleza, Zbigniew"]
[Black "Szustakowski, Antoni"]
[Result "0-1"]
[WhiteElo "2405"]
[BlackElo "2207"]
[EventDate "2024.07.08"]
[PlyCount "80"]

1.d4 Nf6 2.Nf3 c5 3.c3 e6 4.Bf4 Nc6 5.e3 d5 6.Nbd2 cxd4 7.cxd4 Bd6 8.Bg3 O-O 
9.Bd3 Qe7 10.O-O Bxg3 11.hxg3 Bd7 12.Rc1 Rfc8 13.a3 a6 14.Nb3 Na7 15.Nc5 Bb5 
16.Ne5 Bxd3 17.Nexd3 Nb5 18.Qb3 Nd6 19.Rc2 Nc4 20.Rfc1 b6 21.Na4 Rab8 22.Qb4 
Qxb4 23.Nxb4 a5 24.Nd3 b5 25.Nac5 a4 26.Nb4 Ne8 27.Kf1 Ned6 28.Ke2 Re8 29.Nbd3 
f6 30.g4 Rbc8 31.f3 e5 32.dxe5 fxe5 33.Nb4 Rxc5 34.Rd1 d4 35.exd4 exd4+ 36.Kf2 
Ne3 37.Rxc5 Nxd1+ 38.Kg3 Nxb2 39.Nc6 d3 40.Rd5 Ndc4 0-1

[Event "Macieja Memorial"]
[Site "Warsaw POL"]
[Date "2024.07.08"]
[Round "5.10"]
[White "Kacprzak, Karol"]
[Black "Kanarek, Marcel"]
[Result "1-0"]
[WhiteElo "2308"]
[BlackElo "2389"]
[EventDate "2024.07.08"]
[PlyCount "83"]

1.e4 e5 2.Nf3 Nc6 3.Bb5 g6 4.O-O Bg7 5.c3 a6 6.Ba4 d6 7.d4 Bd7 8.dxe5 Nxe5 
9.Bxd7+ Qxd7 10.Nxe5 dxe5 11.Qe2 Nf6 12.Bg5 Qb5 13.Qf3 Qc6 14.Nd2 O-O 15.Rad1 
Rad8 16.Bxf6 Bxf6 17.Nb3 b6 18.Rd5 Rxd5 19.exd5 Qd6 20.Rd1 Bg7 21.Nd2 f5 22.Nc4 
Qc5 23.Qe2 Rd8 24.b4 Qb5 25.d6 cxd6 26.a4 Qc6 27.Ne3 Qxc3 28.Nd5 Qb3 29.a5 bxa5 
30.bxa5 e4 31.h3 Kh8 32.Qd2 Rc8 33.Nb6 Rc6 34.Nd5 Qc2 35.Qe1 Qb2 36.Ne3 Qc3 
37.Qe2 h6 38.Qa2 Kh7 39.Qd5 Qc5 40.Qf7 Qxa5 41.Nd5 Qa4 42.Nf6+ 1-0

[Event "Macieja Memorial"]
[Site "Warsaw POL"]
[Date "2024.07.08"]
[Round "5.11"]
[White "Alvarado, Carlos"]
[Black "Kosakowski, Jakub"]
[Result "0-1"]
[WhiteElo "2040"]
[BlackElo "2494"]
[EventDate "2024.07.08"]
[PlyCount "74"]

1.Nf3 d5 2.b3 Bf5 3.Bb2 e6 4.g3 h6 5.Bg2 Nf6 6.d3 Bh7 7.Nbd2 Be7 8.c4 O-O 9.O-O 
a5 10.a3 c6 11.Ne5 Nbd7 12.Nxd7 Nxd7 13.Nf3 Bf6 14.Bxf6 Qxf6 15.Rb1 Rfd8 16.Qc2 
e5 17.Nd2 Qd6 18.b4 axb4 19.axb4 Nf8 20.b5 Ne6 21.bxc6 bxc6 22.cxd5 cxd5 
23.Rfc1 Bg6 24.e3 Ra3 25.Bf1 Rda8 26.Rb2 Kh7 27.h4 R8a5 28.Qb1 Rc5 29.Rxc5 Nxc5 
30.Rb6 Qc7 31.h5 Bxd3 32.Bxd3+ Nxd3 33.Nf3 e4 34.Nd4 Rc3 35.Kg2 Rc1 36.Rb7 Qe5 
37.Qb6 Qxh5 0-1

[Event "Macieja Memorial"]
[Site "Warsaw POL"]
[Date "2024.07.08"]
[Round "5.12"]
[White "Markowski, Tomasz"]
[Black "Pires, Emanuel Joao Robarts"]
[Result "1-0"]
[WhiteElo "2493"]
[BlackElo "2032"]
[EventDate "2024.07.08"]
[PlyCount "65"]

1.c4 Nf6 2.g3 d6 3.Bg2 g6 4.Nc3 Bg7 5.d4 O-O 6.Nf3 c6 7.O-O Nbd7 8.e4 e5 9.h3 
Re8 10.Be3 Qc7 11.Qc2 a5 12.Rfd1 Nf8 13.Rac1 Ne6 14.d5 Nf8 15.dxc6 bxc6 16.c5 
d5 17.exd5 cxd5 18.Nxd5 Nxd5 19.Rxd5 Bf5 20.Qa4 Rab8 21.b3 Bd7 22.c6 Be6 
23.Rxa5 Rec8 24.Ra7 Qd6 25.c7 Rb4 26.Qa6 Qd5 27.Ng5 Qd7 28.Qc6 h6 29.Nxe6 Qxe6 
30.Qc5 Rd4 31.Ra8 Rd3 32.Rxc8 Qxc8 33.Qc6 1-0

[Event "Macieja Memorial"]
[Site "Warsaw POL"]
[Date "2024.07.08"]
[Round "5.13"]
[White "Krasenkow, Michal"]
[Black "Kaminski, Maciej"]
[Result "0-1"]
[WhiteElo "2376"]
[BlackElo "2019"]
[EventDate "2024.07.08"]
[PlyCount "114"]

1.d4 Nf6 2.c4 e5 3.dxe5 Ng4 4.Nf3 Nc6 5.Bf4 Bb4+ 6.Nc3 Bxc3+ 7.bxc3 Qe7 8.Qd5 
Qa3 9.Rc1 O-O 10.h3 Nh6 11.Bxh6 gxh6 12.Qd2 Qe7 13.Qxh6 Nxe5 14.Nxe5 Qxe5 15.e3 
Qg7 16.Qxg7+ Kxg7 17.Bd3 d6 18.f4 Re8 19.Kf2 b6 20.e4 Bb7 21.Rhe1 Re7 22.Re3 a5 
23.g4 a4 24.a3 Bc6 25.g5 Rae8 26.Rce1 f6 27.h4 Bb7 28.f5 h6 29.gxf6+ Kxf6 
30.Kf3 Re5 31.Kf4 Rg8 32.Rg3 Rxg3 33.Kxg3 Ba6 34.Kf4 Rc5 35.Rg1 Bxc4 36.Rg6+ 
Kf7 37.Ke3 Bxd3 38.Kxd3 Rb5 39.Rxh6 Rb3 40.Rh7+ Kf6 41.Rxc7 Rxa3 42.Rc6 Rb3 
43.Rxd6+ Kf7 44.e5 a3 45.Rd7+ Ke8 46.Ra7 Rb5 47.Kd4 Ra5 48.Rg7 a2 49.Rg1 a1=Q 
50.Rxa1 Rxa1 51.Kd5 b5 52.Kc5 Rc1 53.Kb4 Re1 54.Kxb5 Rxe5+ 55.Kb6 Rxf5 56.c4 
Kd7 57.c5 Kc8 0-1

[Event "Macieja Memorial"]
[Site "Warsaw POL"]
[Date "2024.07.08"]
[Round "5.15"]
[White "Mis, Mieszko"]
[Black "Jedrusik, Adam"]
[Result "1/2-1/2"]
[WhiteElo "2344"]
[BlackElo "1998"]
[EventDate "2024.07.08"]
[PlyCount "100"]

1.Nf3 d5 2.c4 c6 3.d4 Nf6 4.Qc2 g6 5.Bf4 Bf5 6.Qb3 Qb6 7.e3 Nbd7 8.Nc3 Bg7 
9.Be2 O-O 10.O-O h6 11.Qa3 Rfe8 12.Rac1 dxc4 13.Bxc4 Nh5 14.Bg3 Nxg3 15.hxg3 e5 
16.d5 e4 17.Nd2 Ne5 18.Rfd1 Bg4 19.Re1 Bf5 20.Be2 Rad8 21.Ncxe4 cxd5 22.Nc5 d4 
23.e4 Bc8 24.b4 h5 25.Qa5 Qxa5 26.bxa5 Bh6 27.Red1 d3 28.Bf1 Bg4 29.f3 Be3+ 
30.Kh2 Bxd2 31.Rxd2 Bxf3 32.Nxb7 Rb8 33.a6 Bxe4 34.Nd6 Ng4+ 35.Kg1 Re6 36.Nxe4 
Rxe4 37.Rxd3 Ra4 38.Rd7 Rxa2 39.Bc4 Rab2 40.Bxf7+ Kh8 41.Bd5 Re8 42.Bf3 Ne5 
43.Rb7 Ra2 44.Kh1 Nxf3 45.gxf3 Rxa6 46.Rcc7 Ra2 47.Rh7+ Kg8 48.Rbg7+ Kf8 
49.Rf7+ Kg8 50.Rhg7+ Kh8 1/2-1/2

[Event "Macieja Memorial"]
[Site "Warsaw POL"]
[Date "2024.07.08"]
[Round "5.16"]
[White "Grochulski, Grzegorz"]
[Black "Kacprzak, Kacper"]
[Result "0-1"]
[WhiteElo "2023"]
[BlackElo "2297"]
[EventDate "2024.07.08"]
[PlyCount "86"]

1.e4 c5 2.Nf3 d6 3.d4 cxd4 4.Nxd4 Nf6 5.Nc3 a6 6.f4 e5 7.Nf3 Qc7 8.Bd3 Nbd7 
9.O-O b5 10.Qe1 Bb7 11.Kh1 Be7 12.fxe5 dxe5 13.Nh4 g6 14.Bh6 Rg8 15.Rd1 O-O-O 
16.Bg5 Kb8 17.Nf3 Ka8 18.a4 b4 19.Nd5 Nxd5 20.exd5 f6 21.Bd2 a5 22.c3 Nc5 
23.Bc4 Nxa4 24.Bb5 Nxb2 25.Rb1 Rxd5 26.Rxb2 Rxb5 27.cxb4 Rd8 28.Ra2 Qd7 29.bxa5 
e4 30.a6 Bc6 31.Ng1 f5 32.Ne2 Bd5 33.Rc2 Bb3 34.Rb2 Ba3 35.Rb1 Qxd2 36.Qf2 Bc5 
37.Qh4 g5 38.Qxh7 Qd7 39.Qh6 Bc4 40.Rfe1 Bxe2 41.Rxb5 Bxb5 42.Qf6 Bb4 43.Rb1 
Qd1+ 0-1

[Event "Macieja Memorial"]
[Site "Warsaw POL"]
[Date "2024.07.08"]
[Round "5.17"]
[White "Sanz Losada, Victoriano"]
[Black "Maltsevskaya, Aleksandra"]
[Result "0-1"]
[WhiteElo "1999"]
[BlackElo "2288"]
[EventDate "2024.07.08"]
[PlyCount "55"]

1.d4 Nf6 2.c4 g6 3.Nc3 Bg7 4.e4 d6 5.f3 O-O 6.Nge2 Nc6 7.Be3 a6 8.Qd2 Na5 9.Ng3 
b5 10.O-O-O bxc4 11.h4 h5 12.Bh6 c5 13.Bxg7 Kxg7 14.dxc5 Be6 15.cxd6 Rb8 
16.dxe7 Qxe7 17.Qd6 Qb7 18.Rd2 Rfd8 19.Qxd8 Rxd8 20.Rxd8 Qc7 21.e5 Qxd8 
22.exf6+ Qxf6 23.Nge4 Qf4+ 24.Kc2 Nc6 25.Be2 Qe3 26.Re1 Nb4+ 27.Kb1 Bf5 28.Rd1 0-1

[Event "Macieja Memorial"]
[Site "Warsaw POL"]
[Date "2024.07.08"]
[Round "5.18"]
[White "Bartel, Michal"]
[Black "Zurkowski, Andrzej"]
[Result "1-0"]
[WhiteElo "2250"]
[BlackElo "1993"]
[EventDate "2024.07.08"]
[PlyCount "47"]

1.e4 c5 2.Ne2 e6 3.g3 d5 4.Bg2 Nc6 5.exd5 exd5 6.d4 Nf6 7.O-O Be7 8.Nbc3 Be6 
9.dxc5 Bxc5 10.Nf4 O-O 11.Ncxd5 Nxd5 12.Bxd5 Qf6 13.Bxe6 fxe6 14.Nd3 Bb6 15.Be3 
Bxe3 16.fxe3 Qg5 17.Qe2 h5 18.Nf4 h4 19.Nxe6 Rxf1+ 20.Rxf1 Qe5 21.Nf4 hxg3 
22.hxg3 Qxb2 23.Qc4+ Kh7 24.Kg2 1-0

[Event "Macieja Memorial"]
[Site "Warsaw POL"]
[Date "2024.07.08"]
[Round "5.19"]
[White "Wiech, Grzegorz"]
[Black "Gahan, M G"]
[Result "0-1"]
[WhiteElo "1997"]
[BlackElo "2237"]
[EventDate "2024.07.08"]
[PlyCount "75"]

1.e4 c5 2.Nf3 d6 3.d4 cxd4 4.Nxd4 Nf6 5.Nc3 a6 6.Bg5 e6 7.Qe2 Be7 8.O-O-O Qc7 
9.f4 Nbd7 10.Nf3 h6 11.Bh4 e5 12.fxe5 dxe5 13.Nd5 Nxd5 14.exd5 Bxh4 15.Nxh4 O-O 
16.d6 Qa5 17.Kb1 Nf6 18.Nf3 e4 19.Qd2 Qc5 20.Qd4 Qxd4 21.Nxd4 Rd8 22.Nb3 Be6 
23.Be2 Rac8 24.Rd4 Rc6 25.Rhd1 Rd7 26.c4 b6 27.h3 a5 28.Nc1 Ne8 29.a3 Rcxd6 
30.Rxd6 Rxd6 31.Rxd6 Nxd6 32.b3 a4 33.Kc2 axb3+ 34.Kxb3 b5 35.Kb4 bxc4 36.Kc5 
Nf5 37.Bxc4 Bd7 38.Bd5 0-1

[Event "Macieja Memorial"]
[Site "Warsaw POL"]
[Date "2024.07.08"]
[Round "5.20"]
[White "Sanz Wawer, Daniel"]
[Black "Smetek, Michal"]
[Result "1-0"]
[WhiteElo "2216"]
[BlackElo "1979"]
[EventDate "2024.07.08"]
[PlyCount "81"]

1.e4 c6 2.d4 d5 3.e5 Bf5 4.h4 h6 5.g4 Bd7 6.h5 c5 7.c3 Nc6 8.Bh3 e6 9.Ne2 Qb6 
10.Na3 a6 11.Nc2 Nge7 12.O-O f6 13.exf6 gxf6 14.dxc5 Qxc5 15.Be3 Qd6 16.c4 e5 
17.cxd5 Nxd5 18.Bg2 Nxe3 19.Nxe3 Qxd1 20.Rfxd1 Be7 21.Nd5 Bd8 22.f3 f5 23.Ne3 
fxg4 24.fxg4 Rg8 25.Bf3 Bg5 26.Kf2 Bxe3+ 27.Kxe3 Bxg4 28.Rg1 Be6 29.Rxg8+ Bxg8 
30.b3 Rd8 31.Rg1 Bf7 32.Ng3 Nd4 33.Bxb7 a5 34.Be4 Rc8 35.Nf5 Nxf5+ 36.Bxf5 Rc3+ 
37.Kd2 Rf3 38.Be4 Rf2+ 39.Kc3 Rxa2 40.Bc2 Ra3 41.Kb2 1-0

[Event "Macieja Memorial"]
[Site "Warsaw POL"]
[Date "2024.07.08"]
[Round "5.21"]
[White "Zawadzka, Jolanta"]
[Black "Staroszczyk, Mateusz"]
[Result "1-0"]
[WhiteElo "2185"]
[BlackElo "1933"]
[EventDate "2024.07.08"]
[PlyCount "57"]

1.e4 c5 2.Nf3 g6 3.d4 cxd4 4.Qxd4 Nf6 5.e5 Nc6 6.Qa4 Nd5 7.Be2 Bg7 8.Qe4 Nc7 
9.O-O O-O 10.Rd1 Ne6 11.Nc3 b6 12.Bf4 Bb7 13.Bg3 Qc8 14.Qe3 Na5 15.Rd2 Rd8 
16.Rad1 Bc6 17.h4 Nb7 18.h5 Nbc5 19.Nd5 Re8 20.Bh4 f6 21.hxg6 hxg6 22.exf6 exf6 
23.Nxf6+ Bxf6 24.Bxf6 Ne4 25.Be5 Nxd2 26.Rxd2 Rf8 27.Qh6 Qe8 28.Qh8+ Kf7 
29.Qh7+ 1-0

[Event "Macieja Memorial"]
[Site "Warsaw POL"]
[Date "2024.07.08"]
[Round "5.22"]
[White "Klim, Filip"]
[Black "Mickiewicz, Piotr"]
[Result "0-1"]
[WhiteElo "1993"]
[BlackElo "2168"]
[EventDate "2024.07.08"]
[PlyCount "130"]

1.e4 c5 2.Nf3 e6 3.d4 cxd4 4.Nxd4 Nf6 5.Nc3 d6 6.Be3 a6 7.f3 b5 8.g4 Nfd7 9.Qd2 
Nb6 10.a3 N8d7 11.O-O-O Bb7 12.Kb1 Rc8 13.h4 Ne5 14.g5 Nbc4 15.Qe1 Nxe3 16.Qxe3 
Nc4 17.Bxc4 Rxc4 18.h5 Be7 19.g6 Bf6 20.f4 Qc7 21.gxf7+ Kxf7 22.Rhf1 Bxd4 
23.Rxd4 Qc5 24.Rd3 Qxe3 25.Rxe3 Rhc8 26.e5 d5 27.Re2 d4 28.Ne4 Bxe4 29.Rxe4 
Rxc2 30.Rxd4 Rg2 31.Rd7+ Kg8 32.Rfd1 h6 33.Rd8+ Rxd8 34.Rxd8+ Kf7 35.Rd7+ Ke8 
36.Ra7 Rh2 37.Rxa6 Kf7 38.Ra7+ Kf8 39.Ra8+ Kf7 40.Ra7+ Kf8 41.Rb7 Rxh5 42.Rxb5 
Rf5 43.a4 Rxf4 44.a5 h5 45.a6 Ra4 46.Rb6 h4 47.b3 Ra5 48.b4 Ra4 49.Rb8+ Kf7 
50.Rb7+ Kg6 51.Rb6 h3 52.Rxe6+ Kg5 53.Rd6 h2 54.Rd1 Rxb4+ 55.Kc2 Ra4 56.Kd3 
Rxa6 57.Ke4 Kg4 58.Kd5 g5 59.e6 Ra8 60.Ke4 Kg3 61.Kf5 g4 62.Rd3+ Kh4 63.Rd1 g3 
64.Rd7 g2 65.Rh7+ Kg3 0-1

[Event "Macieja Memorial"]
[Site "Warsaw POL"]
[Date "2024.07.08"]
[Round "5.23"]
[White "Rekuc, Patryk"]
[Black "Tsiapko, Andrii"]
[Result "1-0"]
[WhiteElo "2131"]
[BlackElo "1930"]
[EventDate "2024.07.08"]
[PlyCount "59"]

1.d4 d5 2.Nf3 Nf6 3.c4 e6 4.e3 Be7 5.b3 O-O 6.Bd3 b6 7.O-O Bb7 8.Bb2 Nbd7 
9.Nbd2 c5 10.Qe2 Ne4 11.cxd5 exd5 12.Ba6 Bc6 13.Nxe4 dxe4 14.Nd2 cxd4 15.Bxd4 
Bf6 16.Bxf6 Nxf6 17.Rac1 Qd6 18.Rfd1 Qe6 19.Bc4 Bd5 20.Bxd5 Nxd5 21.Rc4 f5 
22.Nb1 Rac8 23.Rcd4 Nc3 24.Nxc3 Rxc3 25.Rd7 h6 26.h3 Rfc8 27.Qb2 Qf6 28.R7d6 
Qe5 29.Rd8+ Kh7 30.Rxc8 1-0

[Event "Macieja Memorial"]
[Site "Warsaw POL"]
[Date "2024.07.08"]
[Round "5.24"]
[White "Syrkiewicz, Michal"]
[Black "Mizzi, Jack"]
[Result "1-0"]
[WhiteElo "1930"]
[BlackElo "2127"]
[EventDate "2024.07.08"]
[PlyCount "57"]

1.e4 c6 2.d4 d5 3.e5 c5 4.dxc5 e6 5.a3 Bxc5 6.Nf3 Ne7 7.Bd3 Ng6 8.O-O O-O 9.b4 
Bb6 10.Re1 Nc6 11.Bb2 Bd7 12.Nbd2 Bc7 13.c4 Rc8 14.Rc1 Nce7 15.Qb3 a5 16.b5 Bb6 
17.g3 f5 18.exf6 gxf6 19.cxd5 Nxd5 20.Ne4 Qe7 21.Bc4 Nc7 22.Rcd1 Rcd8 23.Nd6 
Ne5 24.Nxb7 Nxf3+ 25.Qxf3 Rb8 26.Nd6 Kh8 27.Nf5 Qe8 28.Qg4 Rg8 29.Bxf6+ 1-0

[Event "Macieja Memorial"]
[Site "Warsaw POL"]
[Date "2024.07.08"]
[Round "5.25"]
[White "Skurniak, Szymon"]
[Black "Kicinski, Jacek"]
[Result "0-1"]
[WhiteElo "2107"]
[BlackElo "1915"]
[EventDate "2024.07.08"]
[PlyCount "78"]

1.e4 c6 2.Nf3 d5 3.Nc3 dxe4 4.Nxe4 Nf6 5.Qe2 Nxe4 6.Qxe4 Nd7 7.Bc4 Nf6 8.Ne5 e6 
9.Qe2 b5 10.Bb3 Qc7 11.d4 Bd6 12.O-O O-O 13.Bg5 Nd5 14.Bd2 a6 15.c3 c5 16.f4 
Bb7 17.Bc2 cxd4 18.Qd3 f5 19.cxd4 Nf6 20.Rac1 Be4 21.Qb3 Bd5 22.Qe3 Qb7 23.Qe2 
Rac8 24.Bb3 Ne4 25.Be3 a5 26.Bxd5 Qxd5 27.Nd7 Rfd8 28.Ne5 Qxa2 29.Qxb5 Bb4 
30.Nc6 Re8 31.Nxb4 Qb3 32.Qxa5 Qxe3+ 33.Kh1 Rxc1 34.Qb5 Rxf1+ 35.Qxf1 Rc8 36.g3 
Rc1 37.Qxc1 Qxc1+ 38.Kg2 Qxb2+ 39.Kh3 Qxb4 0-1

[Event "Macieja Memorial"]
[Site "Warsaw POL"]
[Date "2024.07.08"]
[Round "5.26"]
[White "Padalka, Artem"]
[Black "Ashwath, Kaushik"]
[Result "0-1"]
[WhiteElo "2101"]
[BlackElo "1881"]
[EventDate "2024.07.08"]
[PlyCount "88"]

1.Nf3 d5 2.c4 e6 3.g3 Nf6 4.Bg2 Be7 5.O-O O-O 6.d4 c6 7.Qd3 b6 8.Nc3 Ba6 9.b3 
Nbd7 10.Rd1 b5 11.c5 Qa5 12.Qc2 b4 13.Na4 Ne4 14.a3 bxa3 15.Bxa3 Qb5 16.Bf1 Qb7 
17.Nc3 f5 18.e3 Bxf1 19.Rxf1 Rfb8 20.b4 a5 21.b5 cxb5 22.Nxe4 fxe4 23.c6 Qc7 
24.Bxe7 exf3 25.Rfc1 Nb6 26.Bg5 Nc4 27.Bf4 Qxc6 28.Bxb8 Rxb8 29.Qd1 Qd6 30.Qxf3 
b4 31.e4 b3 32.exd5 b2 33.Rab1 bxc1=R+ 34.Rxc1 exd5 35.Re1 Rf8 36.Qg4 Qf6 
37.Re2 a4 38.Qd7 Nb6 39.Qb5 Qf3 40.Ra2 Qf6 41.Rb2 Nc4 42.Qxd5+ Qf7 43.Qb5 Nxb2 
44.Qxb2 Qxf2+ 0-1

[Event "Macieja Memorial"]
[Site "Warsaw POL"]
[Date "2024.07.08"]
[Round "5.27"]
[White "Pietrzak, Wojciech"]
[Black "Szczotka, Klara"]
[Result "0-1"]
[WhiteElo "1870"]
[BlackElo "2093"]
[EventDate "2024.07.08"]
[PlyCount "92"]

1.e4 c6 2.d4 d5 3.f3 Qb6 4.Nc3 dxe4 5.fxe4 e5 6.Nf3 exd4 7.Nxd4 Nd7 8.Bc4 Ne5 
9.Bb3 Nf6 10.Be3 Qa5 11.Qd2 Bb4 12.O-O Nxe4 13.Nxe4 Bxd2 14.Bxd2 Qb6 15.Nd6+ 
Ke7 16.Be3 c5 17.N4f5+ Bxf5 18.Nxf5+ Kf8 19.Rad1 Re8 20.Nd6 Re7 21.Ne4 Rc7 
22.Rd8+ Ke7 23.Rxh8 Qg6 24.Ng3 Ng4 25.Nf5+ Kd7 26.Bc1 c4 27.Ba4+ Ke6 28.Re8+ 
Kd5 29.Rd1+ Kc5 30.Ng3 b5 31.b4+ Kb6 32.Bxb5 Kxb5 33.a4+ Kxa4 34.Bf4 Rb7 35.Bd6 
Qxc2 36.Ra1+ Kb3 37.Re2 Qd3 38.Bf4 Qd4+ 39.Be3 Qxa1+ 40.Nf1 Nxe3 41.Rxe3+ Kxb4 
42.Kf2 Qb2+ 43.Re2 Qf6+ 44.Kg1 c3 45.Re4+ Kc5 46.Ne3 Rb1+ 0-1

[Event "Macieja Memorial"]
[Site "Warsaw POL"]
[Date "2024.07.08"]
[Round "5.28"]
[White "Nesterenko, Kyrylo"]
[Black "Kowalski, Witold"]
[Result "1-0"]
[WhiteElo "2091"]
[BlackElo "1867"]
[EventDate "2024.07.08"]
[PlyCount "71"]

1.d4 Nf6 2.Nf3 d5 3.c4 e6 4.Nc3 a6 5.cxd5 exd5 6.Bg5 Be7 7.e3 h6 8.Bh4 c6 9.Bd3 
Be6 10.O-O O-O 11.Ne5 Nbd7 12.f4 c5 13.f5 Nxe5 14.dxe5 Nd7 15.Bxe7 Qxe7 16.fxe6 
fxe6 17.Qh5 Qg5 18.Qh3 Qxe5 19.Rad1 Nf6 20.Bb1 b5 21.a3 Rae8 22.Rd2 Qg5 23.Ne2 
e5 24.Rf5 Qg6 25.Rf1 Qg5 26.Rdd1 d4 27.exd4 exd4 28.Nf4 Ng4 29.Ng6 Rxf1+ 
30.Rxf1 Ne3 31.Qe6+ Kh7 32.Qh3 Kg8 33.Qe6+ Kh7 34.Ne5+ g6 35.Rf7+ Kg8 36.Qxe8# 1-0

[Event "Macieja Memorial"]
[Site "Warsaw POL"]
[Date "2024.07.08"]
[Round "5.29"]
[White "Czajkowski, Adam"]
[Black "Ptaszynski, Szymon"]
[Result "0-1"]
[WhiteElo "2084"]
[BlackElo "1825"]
[EventDate "2024.07.08"]
[PlyCount "86"]

1.e4 c5 2.Nf3 a6 3.c3 e6 4.d4 d5 5.exd5 exd5 6.Bd3 Nf6 7.O-O Be7 8.dxc5 Bxc5 
9.Bg5 O-O 10.Nbd2 h6 11.Bh4 Be6 12.Nb3 Be7 13.Nbd4 Nc6 14.Nxe6 fxe6 15.Qe2 Qd7 
16.Rfe1 Kf7 17.Rad1 Rfe8 18.c4 Bb4 19.Rf1 d4 20.Bxf6 gxf6 21.Nh4 Rg8 22.Qh5+ 
Ke7 23.Qxh6 Ba5 24.Qh7+ Kd6 25.Qxd7+ Kxd7 26.Be4 Bb6 27.b4 Rg4 28.Bxc6+ bxc6 
29.Nf3 e5 30.h3 Rg7 31.c5 Bc7 32.Kh1 Rag8 33.g3 Rb8 34.a3 a5 35.Rb1 axb4 
36.axb4 Rgg8 37.Nd2 Rb5 38.Rb3 Rgb8 39.Rfb1 Ke6 40.h4 f5 41.Kg2 e4 42.Nc4 Kd5 
43.f3 Kxc4 0-1

[Event "Macieja Memorial"]
[Site "Warsaw POL"]
[Date "2024.07.08"]
[Round "5.30"]
[White "Boryna, Szymon"]
[Black "Terkiewicz, Bruno"]
[Result "0-1"]
[WhiteElo "1791"]
[BlackElo "2084"]
[EventDate "2024.07.08"]
[PlyCount "78"]

1.b3 d5 2.Bb2 c5 3.e3 a6 4.Nf3 Nc6 5.d4 e6 6.dxc5 Nf6 7.c4 Bxc5 8.Nbd2 O-O 
9.Be2 dxc4 10.Nxc4 b5 11.Ncd2 Bb7 12.O-O Bb6 13.a4 Qd5 14.axb5 axb5 15.Qc2 Rac8 
16.Qd3 b4 17.Bxf6 Qxd3 18.Bxd3 gxf6 19.Nc4 Bc7 20.Be4 f5 21.Bc2 Rfd8 22.Rfd1 
Kg7 23.Nd4 Nxd4 24.exd4 Kf6 25.Ra7 Bd5 26.Bd3 Bf4 27.g3 Bh6 28.Ne5 Kg7 29.Rxf7+ 
Kh8 30.Re1 Bg7 31.Ra7 Bxe5 32.dxe5 Bxb3 33.Ba6 Ra8 34.Rxa8 Rxa8 35.Bb7 Rb8 
36.Bc6 Bc4 37.Rc1 Bd3 38.Bd7 b3 39.Rd1 b2 0-1

[Event "Macieja Memorial"]
[Site "Warsaw POL"]
[Date "2024.07.08"]
[Round "5.31"]
[White "Sliwicki, Damian"]
[Black "Gozdzikowski, Franciszek"]
[Result "1-0"]
[WhiteElo "2058"]
[BlackElo "1726"]
[EventDate "2024.07.08"]
[PlyCount "53"]

1.e4 e5 2.Nf3 Nc6 3.Bc4 Bc5 4.c3 Nf6 5.d3 d6 6.Nbd2 a6 7.Bb3 O-O 8.h3 Be6 9.Bc2 
h6 10.Nf1 d5 11.Qe2 b5 12.Be3 d4 13.Bd2 dxc3 14.bxc3 b4 15.Ng3 bxc3 16.Bxc3 Nd4 
17.Bxd4 Bxd4 18.Nxd4 Qxd4 19.O-O Rab8 20.Bb3 Bxb3 21.axb3 Rxb3 22.Rfd1 Rd8 
23.Nf5 Qc3 24.Rac1 Rb2 25.Qf3 Rc2 26.Rb1 Qc6 27.Ne7+ 1-0

[Event "Macieja Memorial"]
[Site "Warsaw POL"]
[Date "2024.07.08"]
[Round "5.32"]
[White "Stachniak, Stanislaw"]
[Black "Zebracki, Tomasz"]
[Result "0-1"]
[WhiteElo "1733"]
[BlackElo "2048"]
[EventDate "2024.07.08"]
[PlyCount "122"]

1.Nf3 d5 2.c4 c6 3.g3 Nf6 4.Bg2 Bg4 5.O-O Nbd7 6.Nc3 e6 7.d3 Be7 8.h3 Bxf3 
9.Bxf3 dxc4 10.dxc4 Ne5 11.Bg2 Qxd1 12.Rxd1 Nxc4 13.b3 Nb6 14.e4 O-O 15.Be3 
Rfd8 16.g4 Rxd1+ 17.Rxd1 Rd8 18.Rxd8+ Bxd8 19.g5 Nfd7 20.f4 e5 21.f5 Nc8 22.Nd1 
Bb6 23.Kf2 f6 24.h4 Kf7 25.Nb2 Nd6 26.Kf3 Bxe3 27.Kxe3 g6 28.fxg6+ Kxg6 29.Bh3 
Nc5 30.gxf6 Ncxe4 31.f7 Kxf7 32.Bf5 Nxf5+ 33.Kxe4 Kf6 34.Nd3 Nd6+ 35.Ke3 Nf5+ 
36.Ke4 Nd6+ 37.Ke3 Kf5 38.h5 h6 39.Nc5 b6 40.Nd7 Ne8 41.Nb8 c5 42.Nc6 Nf6 
43.Nxa7 Nd5+ 44.Kf2 Kf4 45.Nc8 e4 46.Nd6 e3+ 47.Ke2 Nc3+ 48.Kd3 Nxa2 49.Nc4 
Nc1+ 50.Kc2 Nxb3 51.Kd3 b5 52.Nxe3 c4+ 53.Ke2 Nd4+ 54.Kf2 Ke4 55.Ng4 b4 56.Nf6+ 
Kd3 57.Ke1 b3 58.Ng4 b2 59.Nf2+ Kc2 60.Nh1 b1=Q+ 61.Kf2 Qxh1 0-1

[Event "Macieja Memorial"]
[Site "Warsaw POL"]
[Date "2024.07.08"]
[Round "5.33"]
[White "Zawadzka, Beata"]
[Black "Kryston, Aleksander"]
[Result "1/2-1/2"]
[WhiteElo "2329"]
[BlackElo "1737"]
[EventDate "2024.07.08"]
[PlyCount "85"]

1.e4 c5 2.Nc3 d6 3.f4 Nc6 4.Nf3 g6 5.Bb5 Bg7 6.O-O Bd7 7.Bxc6 Bxc6 8.d3 e6 
9.Qe1 Ne7 10.Qh4 d5 11.Bd2 dxe4 12.dxe4 O-O 13.Kh1 b5 14.Rad1 Qc7 15.e5 b4 
16.Ne4 Bxe4 17.Ng5 h5 18.Nxe4 Nf5 19.Qf2 Rac8 20.c4 Rfd8 21.Be3 Nd4 22.Bxd4 
cxd4 23.Rxd4 Rxd4 24.Qxd4 Qxc4 25.Qxc4 Rxc4 26.Nd6 Rc2 27.Rb1 Bf8 28.Ne4 Be7 
29.g3 Kf8 30.Kg1 Ke8 31.h4 Kd7 32.Kf1 Kc6 33.Nf2 Kb5 34.Nd3 Rh2 35.Ne1 Rd2 
36.Nf3 Rd3 37.Ke2 Rd5 38.b3 Bc5 39.Rc1 a5 40.Rc2 Be7 41.Ke3 Rc5 42.Rxc5+ Kxc5 
43.Kd3 1/2-1/2

[Event "Macieja Memorial"]
[Site "Warsaw POL"]
[Date "2024.07.08"]
[Round "5.34"]
[White "Rajlich, Iweta"]
[Black "Lecki, Leonard"]
[Result "1-0"]
[WhiteElo "2379"]
[BlackElo "1941"]
[EventDate "2024.07.08"]
[PlyCount "99"]

1.Nf3 d5 2.g3 Nf6 3.Bg2 c6 4.O-O Bf5 5.d3 Nbd7 6.Nbd2 e5 7.e4 Bg6 8.exd5 cxd5 
9.Re1 Bd6 10.Nh4 Bh5 11.Bf3 Bxf3 12.Ndxf3 O-O 13.Nf5 Bc7 14.Bg5 h6 15.Bh4 Re8 
16.Qd2 Nf8 17.h3 Ng6 18.g4 Nf4 19.Kf1 Nxh3 20.Nxh6+ gxh6 21.Qxh6 Re6 22.Bxf6 
Qxf6 23.Qxh3 Kg7 24.g5 Qf4 25.Kg2 Rh8 26.Qg3 Qf5 27.Nh4 Rxh4 28.Qxh4 e4 29.Rh1 
Qf3+ 30.Kf1 Kf8 31.Rh3 Qf5 32.Re1 Ke7 33.g6+ Kd7 34.g7 Rg6 35.dxe4 dxe4 36.Rc3 
Bb6 37.Rd1+ Ke6 38.Rc8 Qb5+ 39.c4 Qxb2 40.Re8+ Kf5 41.Qxe4+ Kg5 42.Re5+ Kf6 
43.Qf5+ Kxg7 44.c5 Bc7 45.Re7 Bg3 46.Qxf7+ Kh6 47.Qh7+ Kg5 48.Rd5+ Kg4 49.Qh5+ 
Kf4 50.Qf5# 1-0

[Event "Macieja Memorial"]
[Site "Warsaw POL"]
[Date "2024.07.08"]
[Round "5.35"]
[White "Socko, Monika"]
[Black "Celinski, Kamil"]
[Result "1-0"]
[WhiteElo "2288"]
[BlackElo "1927"]
[EventDate "2024.07.08"]
[PlyCount "65"]

1.d4 Nf6 2.Nf3 c5 3.d5 b5 4.g3 g6 5.e4 Nxe4 6.Bg2 d6 7.O-O Bg7 8.Qe2 Nf6 
9.Qxb5+ Nbd7 10.c4 O-O 11.Nc3 Ne8 12.Re1 Nc7 13.Qb3 Rb8 14.Qc2 e6 15.Bg5 Nf6 
16.dxe6 Nxe6 17.Be3 Ng4 18.Rad1 Nxe3 19.fxe3 Qb6 20.b3 Bb7 21.Nd5 Bxd5 22.Rxd5 
Nc7 23.Rd2 a5 24.Red1 Rfd8 25.Rd3 Ra8 26.Ng5 h6 27.Ne4 Be5 28.Qd2 Ne6 29.Nxd6 
Bxd6 30.Bxa8 Rxa8 31.Rxd6 Qb7 32.Qd5 Qe7 33.Qxa8+ 1-0